| 000 | 01422nam a22002417a 4500 | ||
|---|---|---|---|
| 008 | 230620s2023 xxk|||||o|||| 00| 0 eng d | ||
| 020 | _a9781783214983 | ||
| 041 | _aeng | ||
| 110 | _aRoyal Institution of Chartered Surveyors | ||
| 245 |
_aRole and importance of data and technology in quantity surveying and cost management practice _h[Electronic resource] |
||
| 260 |
_aLondon, _bRoyal Institution of Chartered Surveyors, _cJune 2023 |
||
| 300 | _a28p. | ||
| 520 | _aThis paper is essential to understanding why data and technology are a vital part of the toolkit for quantity surveyors and cost managers. It provides valuable insights and recommendations on how quantity surveyors and cost managers can leverage data and technology to remain competitive, provide value to their clients, and expand their role beyond traditional functions. The paper also presents recommendations for the profession that spans from an emphasis on information management to the role of digital skills and competencies. | ||
| 650 | _aCOST MANAGEMENT | ||
| 650 | _aPROPTECH | ||
| 650 | _aQUANTITY SURVEYING | ||
| 651 | _aUnited Kingdom | ||
| 690 |
_96263 _aQuantity surveying |
||
| 700 | _aSawhney, Anil | ||
| 710 | _aRoyal Institution of Chartered Surveyors | ||
| 856 |
_uhttps://www.rics.org/news-insights/wbef/power-of-data-and-technology-for-quantity-surveyors-and-cost-managers _zAvailable free on RICS.org |
||
| 942 | _n0 | ||
| 999 |
_c121543 _d121543 |
||